000 00419nam a22001697a 4500
005 20160616115519.0
008 160616b xxu||||| |||| 00| 0 eng d
020 _a81-7223-036-2
041 _aeng
082 _b7953
100 _aBlanchard, Ken and others
_92087
245 _aLeadership and the one minute manager
260 _bIndia today group
_c2004
300 _a107
650 _aManagement
_9241
942 _cBK
999 _c2922
_d2921